000 01377nas a2200301 i 4500
003 DO-SdUA
005 20251217112941.0
007 ta
008 251031e1983 dr b p|r| || | spa d
035 _a(DO-SdUA)43452
040 _aDO-SdUA
_bspa
_cDO-SdBNP
_dDO-SdBNP
_erda
041 0 _aspa
110 1 _aRepública Dominicana.
_bSecretaría de Estado de Deportes, Educación Física y Recreación.
_bCentro de Capacitación e Iniciación Deportiva.
_988754
245 1 0 _aCECAINDE :
_brevista técnica :
_bórgano oficial del Centro de Capacitación e Iniciación Deportiva.
264 _aSanto Domingo, República Dominicana :
_bCECAINDE,
_c1983-
300 _avolumen :
_bilustraciones, gráficas ;
_c28 cm.
310 _aBimestral.
336 _atexto
_btxt
_2rdacontent
337 _asin mediación
_bn
_2rdamedia
338 _avolumen
_bnc
_2rdacarrier
362 _aAño 1, No. 1, enero 1983.
500 _aCatalogación basada en el volumen: Año 1, No. 1, enero 1983.
650 7 _aDeportes
_vPublicaciones seriadas
_2lemb
_988755
_zRepública Dominicana
650 7 _aEducación física
_vPublicaciones seriadas
_2lemb
_988756
_zRepública Dominicana
653 0 _aRecreación física
710 2 _aSecretaría de Estado de Deportes, Educación Física y Recreación (SEDEFIR).
_bCentro de Capacitación e Iniciación Deportiva (CECAINDE)
_988757
942 _2ddc
_cISSUE
999 _c59992
_d59992